Pueblos de Jalisco /
Obra que recopila cincuenta y dos publicaciones sobre municipios de Jalisco en el diario El Informador, aparecidas cada martes del año 1994. Los textos versan sobre la arquitectura de los pueblos, las costumbres religiosas, sus lugares turísticos, la gastronomía, la gente, la historia del lugar y ha...
Tallennettuna:
| Päätekijä: | |
|---|---|
| Muut tekijät: | |
| Aineistotyyppi: | Kuva |
| Aiheet: | |
| Tagit: |
Ei tageja, Lisää ensimmäinen tagi!
|
MARC
| LEADER | 00000nkm^a2200000^a^4500 | ||
|---|---|---|---|
| 001 | 000187967 | ||
| 005 | 20251217140333.0 | ||
| 009 | 20260310102321.175 | ||
| 037 | |a Acervo ITESO - Biblioteca | ||
| 041 | |a GRA | ||
| 082 | |a 972. 35 |b SAN | ||
| 100 | |a Sandoval Godoy, Luis |e (autor) | ||
| 245 | 1 | 0 | |a Pueblos de Jalisco / |c L. Sandoval Godoy ; il. de R. Caloca Hernández. |
| 264 | |a Guadalajara, México : |b Unión Editorial, |c 1994 | ||
| 300 | |a 1 v. (53 láminas) ; |c 39.0 cm. | ||
| 520 | |a Obra que recopila cincuenta y dos publicaciones sobre municipios de Jalisco en el diario El Informador, aparecidas cada martes del año 1994. Los textos versan sobre la arquitectura de los pueblos, las costumbres religiosas, sus lugares turísticos, la gastronomía, la gente, la historia del lugar y hasta las peripecias para llegar a la región. | ||
| 545 | 0 | |a Prólifico narrador del Jalisco del siglo XX, Luis Sandoval Godoy (El Teúl, 1927-Guadalajara, 2019) fue un escritor, cronista, periodista y editor originario de Zacatecas. Llegó a Guadalajara en los últimos años de la adolescencia para estudiar en el Seminario Diocesano, ciudad que se convirtió en su residencia permanente. Desde 1964 colaboró con el diario El Informador como reportero, editor y columnista. Se desempeñó como docente en la Facultad de Filosofía y Letras de la Universidad de Guadalajara, fue colaborador en la Sociedad de Geografía y Estadística, y en la estación XEBA de la radio jalisciense. Su obra es extensa, ya que incursionó en distintos géneros: escribió narrativa, ensayo, biografía, libros de corte histórico y cultural. Sus obras están inmersas en la historia, las tradiciones y los habitantes de Jalisco y Zacatecas. Cuenta con libros dedicados al esplendor del campo y de los pueblos; es también evidente su amplio conocimiento de la Guerra Cristera y sus principales actores, que se convierten en tema recurrente en su obra. En narrativa es autor de: Los niños, los viejos y la muerte (1965), Gentes (1967), Las malas lenguas (1969), Pueblos (1971), Lugares (1974), Haciendas (1974), Cuentan... (1974), Al paso de la luz (2011), El último cristero (2011), La sangre llegó hasta el río (2012), Nos alcanzó el eco de lejanas voces (2016). Entre los títulos dedicados a la Guerra Cristera se encuentran: Magallanes y Caloca nuestros mártires (1992), San Agustín Caloca, heraldo de Cristo (2011), Por el signo de la cruz San Román Adame (2012), Glorificados en cristo (2016), A'i viene la bola: estampas de la Guerra Cristera (2018). Mientras que títulos dedicados a las tradiciones y cultura de pueblos destacan: Tradiciones y artesanías (1979), Un rincón de la suave patria (1980), Modos de hablar en Jalisco (2004), Al filo de Yañez (2004), Dolor que canta, Alfredo R. Placencia (2009), entre otros. | |
| 649 | |a XX | ||
| 650 | |a Municipios - |z Jalisco - |x Descripción | ||
| 650 | |a Municipios - |z México - |x Descripción | ||
| 650 | |a Municipios - |z Jalisco - |x Historia | ||
| 650 | |a Municipios - |z México - |x Historia | ||
| 650 | |a Arquitectura Jalisciense - |x Historia y Crítica | ||
| 650 | |a Arquitectura Mexicana - |x Historia y Crítica | ||
| 650 | |a Fiestas Religiosas - |z Jalisco | ||
| 650 | |a Fiestas Religiosas - |z México | ||
| 650 | |a Gastronomía - |z Jalisco | ||
| 650 | |a Gastronomía - |z México | ||
| 650 | |a Prácticas Culturales - |z Jalisco | ||
| 650 | |a Prácticas Culturales - |z México | ||
| 650 | |a Prácticas Culturales - |z Jalisco | ||
| 650 | |a Prácticas Culturales - |z México | ||
| 650 | |a Vida Cotidiana - |z Jalisco | ||
| 650 | |a Vida Cotidiana - |z México | ||
| 650 | |a Turismo - |z Jalisco | ||
| 650 | |a Turismo - |z México | ||
| 650 | |a Jalisco - |x Mapas | ||
| 650 | |a México - |x Mapas | ||
| 650 | |a Jalisco - |x Descripción | ||
| 650 | |a México - |x Descripción | ||
| 650 | |a Jalisco - |x Condiciones Sociales y Culturales | ||
| 650 | |a México - |x Condiciones Sociales y Culturales | ||
| 650 | |a Jalisco - |x Historia | ||
| 650 | |a México - |x Historia | ||
| 700 | |a Caloca |e (ilustración) | ||
| 910 | |a Fondo Julio de la Peña Lomelín | ||
| 920 | |a Gráficos - Pinturas, Grabados e Ilustraciones | ||
| 930 | |a Libros Antiguos y Raros | ||
| 905 | |a 108 | ||
| 901 | |a 0500275797 |b IT2 |c LRA |u 20250526 | ||
| 901 | |a 0500275794 |b IT2 |c LRA |u 20250526 | ||
| 901 | |a 0500275791 |b IT2 |c LRA |u 20250526 | ||
| 901 | |a 0500275817 |b IT2 |c LRA |u 20250526 | ||
| 901 | |a 0500275814 |b IT2 |c LRA |u 20250526 | ||
| 901 | |a 0500275811 |b IT2 |c LRA |u 20250526 | ||
| 901 | |a 0500275808 |b IT2 |c LRA |u 20250526 | ||
| 901 | |a 0500275805 |b IT2 |c LRA |u 20250526 | ||
| 901 | |a 0500275802 |b IT2 |c LRA |u 20250526 | ||
| 901 | |a 0500275799 |b IT2 |c LRA |u 20250526 | ||
| 901 | |a 0500275796 |b IT2 |c LRA |u 20250526 | ||
| 901 | |a 0500275793 |b IT2 |c LRA |u 20250526 | ||
| 901 | |a 0500275790 |b IT2 |c LRA |u 20250526 | ||
| 901 | |a 0500275880 |b IT2 |c LRA |u 20250526 | ||
| 901 | |a 0500275883 |b IT2 |c LRA |u 20250526 | ||
| 901 | |a 0500275886 |b IT2 |c LRA |u 20250526 | ||
| 901 | |a 0500275882 |b IT2 |c LRA |u 20250526 | ||
| 901 | |a 0500275885 |b IT2 |c LRA |u 20250526 | ||
| 901 | |a 0500275888 |b IT2 |c LRA |u 20250526 | ||
| 901 | |a 0500275891 |b IT2 |c LRA |u 20250526 | ||
| 901 | |a 0500275894 |b IT2 |c LRA |u 20250526 | ||
| 901 | |a 0500275897 |b IT2 |c LRA |u 20250526 | ||
| 901 | |a 0500275900 |b IT2 |c LRA |u 20250526 | ||
| 901 | |a 0500275903 |b IT2 |c LRA |u 20250526 | ||
| 901 | |a 0500275906 |b IT2 |c LRA |u 20250526 | ||
| 901 | |a 0500275909 |b IT2 |c LRA |u 20250526 | ||
| 901 | |a 0500275908 |b IT2 |c LRA |u 20250526 | ||
| 901 | |a 0500275905 |b IT2 |c LRA |u 20250526 | ||
| 901 | |a 0500275902 |b IT2 |c LRA |u 20250526 | ||
| 901 | |a 0500275899 |b IT2 |c LRA |u 20250526 | ||
| 901 | |a 0500275896 |b IT2 |c LRA |u 20250526 | ||
| 901 | |a 0500275893 |b IT2 |c LRA |u 20250526 | ||
| 901 | |a 0500275890 |b IT2 |c LRA |u 20250526 | ||
| 901 | |a 0500275887 |b IT2 |c LRA |u 20250526 | ||
| 901 | |a 0500275884 |b IT2 |c LRA |u 20250526 | ||
| 901 | |a 0500275881 |b IT2 |c LRA |u 20250526 | ||
| 901 | |a 0500275907 |b IT2 |c LRA |u 20250526 | ||
| 901 | |a 0500275904 |b IT2 |c LRA |u 20250526 | ||
| 901 | |a 0500275901 |b IT2 |c LRA |u 20250526 | ||
| 901 | |a 0500275898 |b IT2 |c LRA |u 20250526 | ||
| 901 | |a 0500275895 |b IT2 |c LRA |u 20250526 | ||
| 901 | |a 0500275892 |b IT2 |c LRA |u 20250526 | ||
| 901 | |a 0500275889 |b IT2 |c LRA |u 20250526 | ||
| 901 | |a 0500275910 |b IT2 |c LRA |u 20250526 | ||
| 901 | |a 0500275912 |b IT2 |c LRA |u 20250526 | ||
| 901 | |a 0500275911 |b IT2 |c LRA |u 20250526 | ||
| 901 | |a 0500275913 |b IT2 |c LRA |u 20250526 | ||
| 901 | |a 0500275916 |b IT2 |c LRA |u 20250526 | ||
| 901 | |a 0500275919 |b IT2 |c LRA |u 20250526 | ||
| 901 | |a 0500275922 |b IT2 |c LRA |u 20250526 | ||
| 901 | |a 0500275925 |b IT2 |c LRA |u 20250526 | ||
| 901 | |a 0500275928 |b IT2 |c LRA |u 20250526 | ||
| 901 | |a 0500275931 |b IT2 |c LRA |u 20250526 | ||
| 902 | |a https://opac.biblio.iteso.mx/vufind/Record/000187967 | ||